000 00563nam a2200181 i 4500
001 65300
003 ES-MaACL
005 20230906165337.0
007 t|
008 040112s1970 sp ||||1| spa d
100 0 _aFreinet, Célestin.
_952452
245 1 0 _aParábolas para una pedagogía popular
_b: los dichos de Mateo /
_cCelestin Freinet ; [traducción de Elisenda Guarro].
250 _a[1ª ed.].
260 _aBarcelona :
_bEstela,
_c[1970]
300 _a157 p. ;
_c19 cm.
700 1 _aGuarro, Elisenda.
_960349
852 _aES-MaACL
_jC-51093
_bR.75897
999 _c65300
_d65300